[Event "Michigan Amateur"]
[Site "Kalamazoo "]
[Date "1998.??.??"]
[Round "?"]
[White "Russell, Scott"]
[Black "Brown, Dan"]
[Result "0-1"]
[WhiteElo "1605"]
[BlackElo "1850"]
[PlyCount "148"]
[EventDate "1998.07.??"]

{7/18} 1. d4 Nf6 2. c4 e6 3. Nf3 b6 4. a3 Bb7 5. b4 Be7 6. Bb2 O-O 7. e3 c5 8.
Bd3 cxb4 9. O-O d5 10. axb4 dxc4 11. Bxc4 Bxb4 12. Qb3 Be7 13. Nbd2 Bd5 14. e4
Bxc4 15. Nxc4 Nbd7 16. d5 exd5 17. exd5 Nxd5 18. Rfd1 Nc5 19. Qc2 Bf6 20. Nce5
Re8 21. Qc4 Qe7 22. Rxd5 Rac8 23. Ba3 Qc7 24. Re1 Ne6 25. Qxc7 Rxc7 26. h3 h6
27. Red1 Nc5 28. Nd7 Nxd7 29. Rxd7 Rec8 30. Rxc7 Rxc7 31. Ne1 a5 32. Rb1 Rb7
33. Nd3 Bd4 34. Bc5 Bxc5 35. Nxc5 Rc7 36. Na4 Kf8 37. Kf1 Rc2 38. Rxb6 Ra2 39.
Nc5 a4 40. Ra6 a3 41. Nd3 Ra1+ 42. Ke2 a2 43. Kf3 Rd1 44. Ra8+ Ke7 45. Ra7+ Kd6
46. Ra6+ Kc7 47. Rxa2 Rxd3+ 48. Ke4 Rd7 49. f4 Kd8 50. Ke5 Ke7 51. Re2 f6+ 52.
Kf5+ Kf7 53. Kg4 Rd5 54. f5 h5+ 55. Kh4 Rxf5 56. g4 hxg4 57. Kxg4 Rf1 58. Rh2
g5 59. Kg3 Ra1 60. Rf2 Kg6 61. Rf3 f5 62. Rf2 Ra3+ 63. Kg2 f4 64. Kh2 Kf5 65.
Re2 f3 66. Rf2 Kf4 67. Rb2 Re3 68. Kg1 Kg3 69. Kf1 Kxh3 70. Rb8 Kg3 71. Rh8 Ra3
72. Re8 Ra1+ 73. Re1 Rxe1+ 74. Kxe1 Kg2 0-1

[Event "Kalamazoo Mini-Swiss.3"]
[Site "Kalamazoo, MI"]
[Date "1998.??.??"]
[Round "?"]
[White "Russell, Scott"]
[Black "Ballard, A."]
[Result "1-0"]
[WhiteElo "1605"]
[BlackElo "1605"]
[PlyCount "62"]
[EventDate "1998.??.??"]

1. d4 c6 2. c4 Nf6 3. Bg5 h6 4. Bh4 d6 5. f3 e6 6. e4 d5 7. cxd5 exd5 8. e5
Qa5+ 9. Nc3 Nh7 10. Bd3 Ng5 11. Nge2 Be7 12. O-O Nh3+ 13. gxh3 Bxh3 14. Bxe7
Bxf1 15. Qxf1 Kxe7 16. b4 Qd8 17. Bf5 Re8 18. Kh1 Kf8 19. Qg2 Qg5 20. Ng3 Nd7
21. Bxd7 Re7 22. Bh3 Qh4 23. Nf5 Qg5 24. Nxe7 Qxg2+ 25. Kxg2 Kxe7 26. b5 Rh8
27. Rb1 Rf8 28. bxc6 bxc6 29. Rb7+ Kd8 30. Rxa7 f6 31. Rxg7 fxe5 {[Remainder
illegible]} 1-0

[Event "Kalamazoo Mini-Swiss.3"]
[Site "Kalamazoo, MI"]
[Date "1998.??.??"]
[Round "?"]
[White "Russell, Scott"]
[Black "Amante, Anthony"]
[Result "0-1"]
[WhiteElo "1605"]
[BlackElo "1605"]
[PlyCount "84"]
[EventDate "1998.??.??"]

1. d4 d5 2. c4 c6 3. cxd5 cxd5 4. Nc3 Nf6 5. a3 Bf5 6. Bf4 a6 7. e3 e6 8. Be2
Be7 9. Nf3 h6 10. O-O O-O 11. Bxb8 Rxb8 12. Qb3 Bd6 13. Rac1 b5 14. Na2 Bg4 15.
Rfe1 Ne4 16. h3 Bh5 17. Ne5 Bxe5 18. Bxh5 Bd6 19. Rc2 Qh4 20. Bf3 f5 21. Bxe4
fxe4 22. Qc3 Rf6 23. Ree2 Rg6 24. Kh1 Qg5 25. g3 Qf5 26. h4 Qh3+ 27. Kg1 Qxh4
28. Qc6 Bxg3 29. fxg3 Qxg3+ 30. Rg2 Qxe3+ 31. Kh2 Qf4+ 32. Kg1 Rf6 33. Rcf2 Qe3
34. Rxg7+ Kxg7 35. Qc7+ Kg6 36. Qxb8 Qxf2+ 37. Kh1 Qf1+ 38. Kh2 Rf2+ 39. Kg3
Qg2+ 40. Kh4 Qh1+ 41. Kg3 Qh2+ 42. Kg4 h5# 0-1

[Event "Lansing Mini-Swiss.3"]
[Site "Lansing, MI"]
[Date "1998.??.??"]
[Round "?"]
[White "Roth, Bruce"]
[Black "Vaughn, Gerald"]
[Result "1-0"]
[WhiteElo "1605"]
[BlackElo "1605"]
[PlyCount "79"]
[EventDate "1998.??.??"]

1. e4 c5 2. Nf3 Nc6 3. d4 cxd4 4. Nxd4 Nf6 5. Nxc6 bxc6 6. Nc3 d6 7. h3 e6 8.
Bd3 Be7 9. O-O O-O 10. Re1 Bb7 11. a3 Nd7 12. b4 Ne5 13. Bf4 Bf6 14. Re3 Ng6
15. e5 dxe5 16. Bg3 e4 17. Bxe4 Bd4 18. Rd3 e5 19. Bxe5 Bxf2+ 20. Kxf2 Qh4+ 21.
Bg3 Qf6+ 22. Kg1 Rae8 23. Qf3 Qe6 24. Rd6 Qc4 25. Bxc6 Bxc6 26. Rxc6 Qd4+ 27.
Bf2 Qd2 28. Qd3 Qf4 29. Rc4 Qf6 30. Qf1 Qg5 31. Ne4 Qd5 32. Re1 f5 33. Rc5 Qa2
34. Nd6 Rxe1 35. Bxe1 Qxa3 36. Qc4+ Kh8 37. Nf7+ Kg8 38. Nh6+ Kh8 39. Qg8+ Rxg8
40. Nf7# 1-0

[Event "Kalamazoo Mini-Swiss.2"]
[Site "Kalamazoo, MI"]
[Date "1998.??.??"]
[Round "?"]
[White "Roth, Bruce"]
[Black "Thomas, Courtney"]
[Result "1-0"]
[WhiteElo "1605"]
[BlackElo "1605"]
[PlyCount "101"]
[EventDate "1998.??.??"]

1. e4 d5 2. exd5 Nf6 3. d4 Nxd5 4. Nf3 Bf5 5. Bd3 Bxd3 6. Qxd3 e6 7. a3 Be7 8.
O-O O-O 9. Re1 c6 10. Nc3 Nd7 11. Nxd5 cxd5 12. Bf4 Rc8 13. c3 Re8 14. Rac1 Qb6
15. Rc2 Qb3 16. Rce2 Rc6 17. Ne5 Nxe5 18. Bxe5 Bf8 19. Qg3 Rec8 20. h4 g6 21.
h5 Qb6 22. hxg6 hxg6 23. Qh3 Bg7 24. Bf4 Qd8 25. Bc1 Bxd4 26. cxd4 Rxc1 27. Qb3
Rxe1+ 28. Rxe1 Qc7 29. g3 b6 30. Kg2 Qc2 31. Qb5 Qc6 32. Qd3 Qe8 33. Re2 Qc6
34. Re1 Qe8 35. Re2 Qf8 36. Rc2 Rxc2 37. Qxc2 Qd6 38. f4 Kf8 39. Kf3 f5 40. Qc1
Ke8 41. Qc8+ Ke7 42. Qg8 e5 43. Qg7+ Ke8 44. fxe5 Qc6 45. Qxa7 Qb5 46. Qb8+ Kf7
47. Qc7+ Kg8 48. Qd8+ Kh7 49. Qh4+ Kg7 50. Qf6+ Kh6 51. Qh8+ 1-0

[Event "Kalamazoo Mini-Swiss.2"]
[Site "Kalamazoo, MI"]
[Date "1998.??.??"]
[Round "?"]
[White "Roth, Bruce"]
[Black "Smeltzer, P."]
[Result "1-0"]
[WhiteElo "1605"]
[BlackElo "1605"]
[PlyCount "61"]
[EventDate "1998.??.??"]

1. e4 c6 2. d4 d5 3. exd5 cxd5 4. c4 dxc4 5. Bxc4 e6 6. Nf3 h6 7. O-O b6 8. Re1
Ne7 9. Nc3 Bb7 10. d5 g5 11. dxe6 Qxd1 12. exf7+ Kd8 13. Rxd1+ Nd7 14. Ne5 Bc6
15. Be6 Kc7 16. Bxd7 Rd8 17. Nxc6 Nxc6 18. Bxc6 Rxd1+ 19. Nxd1 Kxc6 20. Be3 Rh7
21. Rc1+ Kb7 22. g3 g4 23. Rc4 h5 24. Rf4 Rh8 25. Nc3 a6 26. Nd5 b5 27. Nf6 Kc8
28. Rf5 Kd8 29. Nxh5 Ke7 30. Nf4 Bg7 31. Bc5+ 1-0

[Event "Kalamazoo Mini-Swiss.1"]
[Site "Kalamazoo, MI"]
[Date "1998.??.??"]
[Round "?"]
[White "Roth, Bruce"]
[Black "Post, Robert"]
[Result "0-1"]
[WhiteElo "1605"]
[BlackElo "1665"]
[PlyCount "74"]
[EventDate "1998.??.??"]

1. e4 g6 2. Nf3 Bg7 3. Bc4 e6 4. d4 Ne7 5. O-O d5 6. exd5 exd5 7. Bb3 O-O 8. h3
Nbc6 9. c3 h6 10. Re1 Be6 11. Bf4 g5 12. Bg3 Ng6 13. Bc2 Qd7 14. Nbd2 Rae8 15.
Bxg6 fxg6 16. Ne5 Nxe5 17. Bxe5 Bxe5 18. Rxe5 g4 19. hxg4 Bxg4 20. Qe1 Rxe5 21.
Qxe5 Re8 22. Qg3 g5 23. Nf3 Bxf3 24. Qxf3 Re4 25. b4 c6 26. Qg3 a6 27. a4 Qe7
28. Rf1 h5 29. f4 g4 30. Qd3 h4 31. f5 Qg5 32. f6 Kf8 33. g3 h3 34. Qc2 Qe3+
35. Qf2 Qxc3 36. Qf5 Qxg3+ 37. Kh1 Qg2# 0-1

[Event "Michigan Class D/E"]
[Site "Grand Rapids, MI"]
[Date "1998.??.??"]
[Round "?"]
[White "Roth, Bruce"]
[Black "McAllister, Don"]
[Result "0-1"]
[WhiteElo "1605"]
[BlackElo "1605"]
[PlyCount "92"]
[EventDate "1998.01.??"]

1. e4 e6 2. d4 d5 3. e5 c5 4. c3 Nc6 5. Nf3 Bd7 6. Be3 Qb6 7. Qc2 cxd4 8. Bxd4
Nxd4 9. cxd4 Bb4+ 10. Nc3 Ne7 11. a3 Bxc3+ 12. Qxc3 O-O 13. b4 Rac8 14. Qd2 Nc6
15. Be2 a5 16. b5 Ne7 17. a4 Rc7 18. O-O Rfc8 19. Rfe1 Rc2 20. Qf4 h6 21. h4
Qd8 22. Bd3 R2c3 23. Qd2 R8c7 24. g3 b6 25. Kh2 Nc8 26. Rg1 Rb3 27. Raf1 Rcc3
28. Ne1 f6 29. f4 f5 30. Kh3 h5 31. Rf3 Qe7 32. Nc2 Be8 33. Re1 Qc7 34. Rc1 Ne7
35. Na1 Ra3 36. Rxc3 Qxc3 37. Qxc3 Rxc3 38. Be2 Rc1 39. Ra3 Kh7 40. Kg2 Ng8 41.
Kf2 Nh6 42. Bd3 Ng4+ 43. Kf3 Rh1 44. Nc2 Rh2 45. Bxf5+ exf5 46. Ne3 Rf2# 0-1

[Event "Michigan Open Reserve"]
[Site "Flint, MI"]
[Date "1998.??.??"]
[Round "?"]
[White "Roth, Bruce"]
[Black "Mandell, Ed"]
[Result "1-0"]
[WhiteElo "1605"]
[BlackElo "1605"]
[PlyCount "87"]
[EventDate "1998.09.??"]

1. e4 e5 2. Nf3 Nc6 3. d4 exd4 4. Nxd4 Nxd4 5. Qxd4 a5 6. Bd3 Nf6 7. O-O b6 8.
Bg5 Bc5 9. Qe5+ Qe7 10. Bxf6 gxf6 11. Qxc7 Qe5 12. Qxe5+ fxe5 13. Nd2 d6 14. a3
Bb7 15. Nb3 d5 16. Nxc5 bxc5 17. exd5 Bxd5 18. Rfe1 f6 19. f4 c4 20. Be4 O-O-O
21. Bf5+ Kc7 22. fxe5 fxe5 23. Rxe5 Rhg8 24. Re2 h5 25. Rd1 Bxg2 26. Re7+ Kb6
27. Rxd8 Rxd8 28. Kxg2 Rd5 29. Be4 Rd4 30. Kf3 Rd2 31. h4 Rd1 32. Re5 Rb1 33.
Rxh5 Rxb2 34. Rh7 Ra2 35. h5 Rxa3+ 36. Kf4 Rc3 37. h6 a4 38. Rb7+ Ka5 39. h7
Rh3 40. Rb8 a3 41. h8=Q Rxh8 42. Rxh8 Kb4 43. Ra8 c3 44. Ke3 1-0

[Event "Michigan Open Reserve"]
[Site "Flint, MI"]
[Date "1998.??.??"]
[Round "?"]
[White "Roth, Bruce"]
[Black "Laurin, Edward"]
[Result "1-0"]
[WhiteElo "1605"]
[BlackElo "1605"]
[PlyCount "63"]
[EventDate "1998.09.??"]

1. e4 e5 2. Nf3 Nc6 3. d4 exd4 4. Nxd4 Qe7 5. Nc3 Nf6 6. Nxc6 dxc6 7. Bd3 Qe5
8. a3 Bc5 9. f3 Nd5 10. Nxd5 cxd5 11. Qe2 dxe4 12. Bxe4 c6 13. Bxc6+ bxc6 14.
Qxe5+ Be6 15. Qxc5 Rc8 16. O-O a6 17. Re1 Rc7 18. Bf4 Rd7 19. Rad1 Rxd1 20.
Rxd1 f6 21. Qxc6+ Kf7 22. Re1 Re8 23. c4 g6 24. Bd2 h6 25. g3 Re7 26. Bb4 Re8
27. f4 h5 28. f5 Bxf5 29. Qxe8+ Kg7 30. Bf8+ Kh7 31. Qf7+ Kh8 32. Qg7# 1-0

[Event "Lansing Mini-Swiss.3"]
[Site "Lansing, MI"]
[Date "1998.??.??"]
[Round "?"]
[White "Roth, Bruce"]
[Black "Krzyston, Joe"]
[Result "1-0"]
[WhiteElo "1605"]
[BlackElo "1605"]
[PlyCount "93"]
[EventDate "1998.??.??"]

1. e4 e5 2. Nf3 Nc6 3. d4 exd4 4. Nxd4 Nxd4 5. Qxd4 Nf6 6. Nc3 b6 7. Bg5 Bc5 8.
Qe5+ Kf8 9. Bxf6 gxf6 10. Qf4 Bd6 11. Qf3 Bb4 12. a3 Bc5 13. O-O-O d6 14. h3
Bd7 15. b4 Bxb4 16. axb4 a5 17. b5 Be6 18. Nd5 Bxd5 19. exd5 a4 20. Bc4 a3 21.
Ba2 Rg8 22. g4 Qd7 23. c4 Rg5 24. Qxf6 Rg8 25. Rd3 Qe7 26. Qxe7+ Kxe7 27. Re1+
Kd7 28. Rde3 Rae8 29. Rxe8 Rxe8 30. Rxe8 Kxe8 31. Kc2 Ke7 32. f4 Kf6 33. Kb3 h6
34. Kxa3 Kg6 35. Bb1+ Kg7 36. Kb3 Kf6 37. Kc3 Kg7 38. Kd4 Kf6 39. h4 Kg7 40. h5
Kf6 41. Ke4 Kg7 42. Kf5 Kf8 43. Kf6 Kg8 44. Ke7 Kg7 45. Kd7 f6 46. Kxc7 f5 47.
Bxf5 1-0

[Event "Kalamazoo Mini-Swiss.2"]
[Site "Kalamazoo, MI"]
[Date "1998.??.??"]
[Round "?"]
[White "Roth, Bruce"]
[Black "Johnson, Donta"]
[Result "0-1"]
[WhiteElo "1605"]
[BlackElo "1605"]
[PlyCount "118"]
[EventDate "1998.??.??"]

1. e4 e5 2. Nf3 Nc6 3. d4 exd4 4. Nxd4 d6 5. Nxc6 bxc6 6. Nc3 Be7 7. Bc4 Nf6 8.
O-O O-O 9. Re1 Nd7 10. Bf4 Bf6 11. Qd2 Re8 12. Rad1 Ne5 13. Be2 Bd7 14. h3 Qc8
15. Bg5 Qd8 16. Bxf6 Qxf6 17. Qe3 Qg6 18. f4 Qh6 19. Qg3 Ng6 20. Rf1 Rad8 21.
Bg4 f6 22. Bxd7 Rxd7 23. Rde1 Rde7 24. f5 Ne5 25. b3 Qd2 26. Re2 Qd4+ 27. Qe3
Qxe3+ 28. Rxe3 Nd7 29. Rfe1 d5 30. Ne2 Rxe4 31. Rxe4 dxe4 32. Nd4 Nf8 33. Nxc6
g6 34. fxg6 hxg6 35. a4 f5 36. Nxa7 Ne6 37. Nc6 Nc5 38. Rd1 Re6 39. Nd4 Rd6 40.
Kf2 Ne6 41. Ke3 c5 42. c3 cxd4+ 43. cxd4 Kf7 44. Rd2 Ke7 45. g4 Ng5 46. gxf5
gxf5 47. h4 Nf3 48. Rd1 Nxh4 49. Kf4 Ng2+ 50. Kg3 Ne3 51. Rc1 Rxd4 52. Kf4 Rd3
53. Rc7+ Ke6 54. Rb7 Nd5+ 55. Kg5 e3 56. a5 e2 57. a6 e1=Q 58. a7 Rg3+ 59. Kh4
Rg4+ 0-1

[Event "Kalamazoo Mini-Swiss.1"]
[Site "Kalamazoo, MI"]
[Date "1998.??.??"]
[Round "?"]
[White "Roth, Bruce"]
[Black "Ingles, Darrell"]
[Result "1-0"]
[WhiteElo "1605"]
[BlackElo "1605"]
[PlyCount "129"]
[EventDate "1998.??.??"]

1. e4 b6 2. d4 Bb7 3. Nc3 e6 4. a3 c5 5. Nf3 d5 6. Bb5+ Nd7 7. exd5 exd5 8.
dxc5 Bxc5 9. Nxd5 Ngf6 10. Nxf6+ gxf6 11. O-O Qc7 12. Re1+ Kd8 13. Qxd7+ Qxd7
14. Bxd7 Kxd7 15. Nh4 Rae8 16. Be3 Re5 17. Bxc5 Rxc5 18. Rad1+ Kc8 19. c3 Rg8
20. Rd4 Rcg5 21. g3 h5 22. Rf4 Rg4 23. Rxg4 hxg4 24. h3 gxh3 25. Kh2 Kd7 26.
Kxh3 Rh8 27. Kh2 f5 28. f4 Be4 29. Kg1 Rg8 30. Kf2 Kc6 31. Nf3 f6 32. Nd2 Bd5
33. c4 Bf7 34. Re7 Be8 35. Rxa7 Rh8 36. Re7 Rh2+ 37. Ke3 Bd7 38. Rf7 Rh6 39.
Nb3 Kd6 40. Nd4 Rg6 41. b3 Rxg3+ 42. Kf2 Rg6 43. Kf3 Rh6 44. Rg7 Rh3+ 45. Rg3
Rh6 46. b4 Rh8 47. Kf2 Rh2+ 48. Rg2 Rh4 49. Kf3 Bc8 50. Rg6 Ke7 51. Rg7+ Kd6
52. Nb5+ Ke6 53. Nc7+ Kd6 54. Nb5+ Ke6 55. Kg3 Rh1 56. Rc7 Bd7 57. Rb7 Rg1+ 58.
Kf2 Rg2+ 59. Kxg2 Bc6+ 60. Kg3 Bxb7 61. Nd4+ Kf7 62. Nxf5 Bc6 63. Nd6+ Ke6 64.
Nc8 b5 65. Na7 1-0

[Event "Lansing Mini-Swiss.3"]
[Site "Lansing, MI"]
[Date "1998.??.??"]
[Round "?"]
[White "Roth, Bruce"]
[Black "Guenther, B."]
[Result "1-0"]
[WhiteElo "1605"]
[BlackElo "1605"]
[PlyCount "151"]
[EventDate "1998.??.??"]

1. e4 d6 2. d4 Nf6 3. Nc3 g6 4. Nf3 Bg7 5. h3 O-O 6. Bc4 c6 7. O-O b5 8. Bb3 a5
9. e5 Ne8 10. a3 d5 11. Bf4 Ba6 12. Re1 e6 13. Ne2 a4 14. Ba2 Nd7 15. b3 c5 16.
bxa4 bxa4 17. Rb1 Bxe2 18. Rxe2 Rb8 19. Be3 Rxb1 20. Qxb1 c4 21. Bd2 Nc7 22.
Ba5 Qb8 23. Qxb8 Rxb8 24. Bxc7 Rb2 25. Bxc4 dxc4 26. Bd6 Nb6 27. Kf1 Nd5 28.
Ke1 Rb1+ 29. Kd2 c3+ 30. Kd3 Nf4+ 31. Ke3 Nxe2 32. Kxe2 Bf8 33. Kd3 Bxd6 34.
exd6 f6 35. Kxc3 Rb6 36. Kc4 Rxd6 37. Kb5 Kf7 38. c4 Ke7 39. Kxa4 Kd7 40. Kb5
Kc7 41. c5 Rd5 42. a4 e5 43. Kc4 Kc6 44. a5 e4 45. Nd2 f5 46. a6 Rd7 47. Nb3
Ra7 48. d5+ Kc7 49. Kb5 f4 50. d6+ Kd7 51. Kb6 Ra8 52. Kb7 e3 53. fxe3 fxe3 54.
Nd4 Rc8 55. a7 Rxc5 56. a8=Q Kxd6 57. Kb6 Rc1 58. Qa3+ Kd5 59. Qxc1 Kxd4 60.
Qe1 Kd3 61. Kc5 g5 62. Kd5 e2 63. Ke5 Ke3 64. Kf5 h6 65. Kg6 g4 66. h4 g3 67.
Kxh6 Kf4 68. Qxe2 Kf5 69. Qc4 Ke5 70. Kg5 Kd6 71. Qb5 Ke6 72. Kf4 Kf7 73. Qc6
Kg7 74. Kg5 Kf8 75. Qd7 Kg8 76. Kg6 1-0

[Event "Kalamazoo Mini-Swiss.1"]
[Site "Kalamazoo, MI"]
[Date "1998.??.??"]
[Round "?"]
[White "Roth, Bruce"]
[Black "Franklin, Stan"]
[Result "0-1"]
[WhiteElo "1605"]
[BlackElo "1685"]
[PlyCount "119"]
[EventDate "1998.??.??"]

1. e4 e6 2. d4 d5 3. e5 c5 4. c3 Nc6 5. Be3 cxd4 6. cxd4 Bb4+ 7. Nc3 Nge7 8.
Bd3 Qa5 9. Qc2 Bd7 10. Nge2 Rc8 11. O-O Ng6 12. a3 Be7 13. g3 Qd8 14. f4 O-O
15. f5 exf5 16. Bxf5 Be6 17. Rad1 b5 18. Bxe6 fxe6 19. Rxf8+ Bxf8 20. Qb1 Qb6
21. Nf4 Ncxe5 22. Nxg6 Nxg6 23. Rc1 Ne5 24. Qc2 Nc4 25. Qe2 Re8 26. Bf2 Qb7 27.
Re1 a6 28. Nd1 b4 29. a4 a5 30. b3 Nd6 31. Qg4 Ne4 32. Be3 Qc6 33. Qe2 Bd6 34.
Kg2 Rf8 35. Rf1 Rxf1 36. Qxf1 Qc2+ 37. Nf2 Nxf2 38. Bxf2 Qc6 39. Qe2 Bc7 40.
Be1 e5 41. dxe5 d4+ 42. Qf3 Qe6 43. Qa8+ Kf7 44. Qf3+ Ke7 45. Qd3 Qxe5 46. Bf2
Qd5+ 47. Qf3 Kd6 48. Qxd5+ Kxd5 49. Kf3 h5 50. Be1 g5 51. h3 Ke5 52. Bd2 Bd8
53. Bc1 g4+ 54. hxg4 hxg4+ 55. Kxg4 Ke4 56. Kh5 Kd3 57. g4 Kc3 58. g5 Bxg5 59.
Bxg5 d3 60. Kg4 0-1

[Event "Kalamazoo Mini-Swiss.1"]
[Site "Kalamazoo, MI"]
[Date "1998.??.??"]
[Round "?"]
[White "Roth, Bruce"]
[Black "Franklin, Stan"]
[Result "0-1"]
[WhiteElo "1605"]
[BlackElo "1665"]
[PlyCount "129"]
[EventDate "1998.??.??"]

1. e4 c5 2. c3 e5 3. Nf3 d6 4. d4 cxd4 5. cxd4 Qc7 6. Nc3 Nf6 7. d5 a6 8. a4
Bg4 9. Be2 Be7 10. O-O O-O 11. h3 Bh5 12. Ne1 Bg6 13. Bd3 Nbd7 14. Be3 Nc5 15.
Bxc5 Qxc5 16. Nc2 Nh5 17. b4 Qxc3 18. Ra3 Qc8 19. Re1 Nf4 20. Bf1 f5 21. f3 Bh4
22. Ree3 Bg3 23. Ne1 Qd8 24. Nd3 Qg5 25. Nxf4 Bxf4 26. Re2 Rac8 27. Ra1 Qg3 28.
Rc2 fxe4 29. Rxc8 Rxc8 30. fxe4 Bxe4 31. Qg4 Qxg4 32. hxg4 Rc2 33. b5 axb5 34.
axb5 Bxd5 35. Rd1 Be3+ 36. Kh2 Bd4 37. Kh3 Bc4 38. Bxc4+ Rxc4 39. Kg3 g5 40.
Kf3 Rb4 41. Ke4 Rxb5 42. Kf5 Rd5 43. Ke6 Rb5 44. Kxd6 Rb2 45. g3 Rg2 46. Rd3
Kf7 47. Kd5 Rb2 48. Rf3+ Ke7 49. Rf5 h6 50. Rf3 b5 51. Rd3 b4 52. Kc4 Bc3 53.
Kc5 Rd2 54. Rf3 e4 55. Rf5 e3 56. Rf3 e2 57. Re3+ Kd7 58. Kc4 Rd4+ 59. Kc5 e1=Q
60. Rxe1 Bxe1 61. Kxd4 Bxg3 62. Kc4 Be1 63. Kb3 Ke6 64. Kc2 Ke5 65. Kb3 0-1

[Event "Kalamazoo Mini-Swiss.2"]
[Site "Kalamazoo, MI"]
[Date "1998.??.??"]
[Round "?"]
[White "Roth, Bruce"]
[Black "Dickerson, T."]
[Result "1-0"]
[WhiteElo "1605"]
[BlackElo "1605"]
[PlyCount "79"]
[EventDate "1998.??.??"]

1. e4 e5 2. Nf3 Nc6 3. d4 d6 4. Be3 Nf6 5. Nc3 Be7 6. d5 Nb4 7. a3 Na6 8. Bxa6
bxa6 9. O-O Bg4 10. Re1 Qd7 11. b3 O-O 12. Qe2 c6 13. Qxa6 cxd5 14. exd5 Qf5
15. Qd3 e4 16. Nxe4 Nxe4 17. Bc1 Qf6 18. Bb2 Qxb2 19. Qxe4 Bxf3 20. Qxf3 Bf6
21. Qd3 Qc3 22. Rad1 Qxd3 23. Rxd3 Rfe8 24. Rde3 Rxe3 25. Rxe3 Bd4 26. Rd3 Be5
27. c4 f6 28. Kf1 Re8 29. h3 Kf7 30. g3 Kg6 31. Re3 f5 32. f4 Kf6 33. fxe5+
dxe5 34. Kf2 g6 35. c5 e4 36. d6 Ke6 37. h4 Kd5 38. b4 Kc4 39. d7 Rd8 40. c6
1-0

[Event "Michigan Class D/E"]
[Site "Grand Rapids, MI"]
[Date "1998.??.??"]
[Round "?"]
[White "Roth, Bruce"]
[Black "Choate, Eric"]
[Result "0-1"]
[WhiteElo "1605"]
[BlackElo "1605"]
[PlyCount "124"]
[EventDate "1998.01.??"]

1. d4 d5 2. c4 c6 3. Nc3 Nf6 4. cxd5 cxd5 5. Nf3 Bf5 6. e3 e6 7. Bd3 Bxd3 8.
Qxd3 Bd6 9. O-O O-O 10. a3 a6 11. b4 Qc7 12. g3 Nbd7 13. Re1 Qc6 14. Bd2 e5 15.
dxe5 Nxe5 16. Nxe5 Bxe5 17. Rac1 Rfd8 18. Ne2 Qe6 19. Kg2 Qd7 20. Bc3 Bxc3 21.
Rxc3 b5 22. Rd1 Qb7 23. f3 Rd6 24. e4 Re6 25. exd5 Rd6 26. Rc5 Rad8 27. Qb3
Nxd5 28. Kf2 Ne7 29. Rxd6 Rxd6 30. Qc2 h6 31. Kg2 Rc6 32. Rxc6 Nxc6 33. Qe4 Qd7
34. g4 Kf8 35. Kf2 Qd6 36. Kg2 g6 37. Qe3 Kg7 38. Qb6 Qd5 39. Qxa6 Ne5 40. Ng1
Qd2+ 41. Kg3 Qd3 42. a4 bxa4 43. Qxd3 Nxd3 44. Ne2 Nxb4 45. Nd4 a3 46. h4 a2
47. Nb3 Nc2 48. f4 a1=Q 49. Nxa1 Nxa1 50. f5 g5 51. hxg5 hxg5 52. Kf3 Kf6 53.
Ke4 Nc2 54. Kf3 Nd4+ 55. Ke3 Nc6 56. Kf3 Ke5 57. Ke3 Kd6 58. Ke4 Ne5 59. Ke3
Nxg4+ 60. Kf3 Nh6 61. Ke4 Ke7 62. Ke3 Nxf5+ 0-1

[Event "Lansing Mini-Swiss.2"]
[Site "Lansing, MI"]
[Date "1998.??.??"]
[Round "?"]
[White "Roth, Bruce"]
[Black "Carl, Kevin"]
[Result "0-1"]
[WhiteElo "1605"]
[BlackElo "1605"]
[PlyCount "66"]
[EventDate "1998.??.??"]

1. e4 c5 2. c3 d5 3. exd5 Qxd5 4. Nf3 Nc6 5. Bb5 Bg4 6. Bxc6+ Qxc6 7. h3 Bh5 8.
O-O Nf6 9. Re1 e6 10. a3 Be7 11. d4 O-O-O 12. Be3 Nd5 13. Nbd2 Nxe3 14. fxe3
Qc7 15. Qc2 Bg6 16. e4 cxd4 17. Rac1 dxc3 18. Qxc3 Qxc3 19. Rxc3+ Kb8 20. Nc4
Rc8 21. Nfe5 Rc7 22. Nxg6 hxg6 23. Rec1 Rhc8 24. Ne5 Rxc3 25. Rxc3 Rxc3 26.
bxc3 f6 27. Nxg6 Bxa3 28. Nf4 e5 29. Nh5 Bf8 30. g4 a5 31. Ng3 a4 32. Ne2 Ba3
33. c4 Bb2 0-1

[Event "Lansing Mini-Swiss.2"]
[Site "Lansing, MI"]
[Date "1998.??.??"]
[Round "?"]
[White "Roth, Bruce"]
[Black "Asbury, Victor"]
[Result "1-0"]
[WhiteElo "1605"]
[BlackElo "1605"]
[PlyCount "133"]
[EventDate "1998.??.??"]

1. e4 c5 2. c3 Nc6 3. d4 b6 4. Nf3 g6 5. Be3 d6 6. Qa4 Bd7 7. Bb5 Qc7 8. d5 Nb8
9. Bxd7+ Qxd7 10. Qxd7+ Nxd7 11. O-O Ngf6 12. Nbd2 Bg7 13. h3 O-O 14. Rfe1 Ne8
15. a4 Ne5 16. Nxe5 Bxe5 17. Nc4 Bg7 18. Bf4 Nf6 19. Rad1 Rad8 20. Bh2 Nd7 21.
f4 f5 22. exf5 Rxf5 23. Rxe7 Nf6 24. Ne3 Rh5 25. Rxa7 Bh6 26. Ng4 Nxd5 27.
Nxh6+ Rxh6 28. Rxd5 Rh5 29. Rxh5 gxh5 30. Rb7 d5 31. Rxb6 d4 32. cxd4 cxd4 33.
Re6 d3 34. Re1 Kf7 35. Kf2 Kf6 36. Rd1 Kf5 37. Ke3 Rb8 38. Rd2 Rb4 39. a5 Ra4
40. Rxd3 Rxa5 41. Kf3 Rb5 42. b3 h4 43. Rc3 h5 44. Bg1 Rb4 45. Be3 Rb7 46. Bc5
Rg7 47. Bf2 Rb7 48. Bxh4 Rb4 49. g4+ hxg4+ 50. hxg4+ Ke6 51. Rd3 Rb7 52. Be1
Rh7 53. b4 Rh3+ 54. Bg3 Rh1 55. f5+ Kf7 56. Rb3 Rf1+ 57. Bf2 Rh1 58. b5 Rh3+
59. Bg3 Rh1 60. b6 Kf6 61. b7 Kg5 62. b8=Q Rf1+ 63. Bf2 Rxf2+ 64. Kxf2 Kxg4 65.
Qe5 Kh4 66. Qg7 Kh5 67. Rh3# 1-0

[Event "Kalamazoo Mini-Swiss.2"]
[Site "Kalamazoo, MI"]
[Date "1998.??.??"]
[Round "?"]
[White "Roth, Bruce"]
[Black "Amante, Anthony"]
[Result "1/2-1/2"]
[WhiteElo "1605"]
[BlackElo "1605"]
[PlyCount "97"]
[EventDate "1998.??.??"]

1. e4 e6 2. d4 d5 3. e5 c5 4. c3 Nc6 5. Be3 Qb6 6. Qd2 cxd4 7. cxd4 Bb4 8. Nc3
Bd7 9. Nf3 Rc8 10. Rc1 Nge7 11. Bd3 Na5 12. O-O Bxc3 13. Rxc3 Rxc3 14. bxc3 Qc7
15. Qc2 h6 16. Nd2 O-O 17. Rc1 Rc8 18. f4 b5 19. Qb2 Nc4 20. Nxc4 bxc4 21. Be2
Rb8 22. Qc2 Qb6 23. Bd1 Nf5 24. Bf2 Qb2 25. Kf1 Qxc2 26. Rxc2 Rb1 27. Ke2 Ba4
28. Rd2 Bxd1+ 29. Rxd1 Rb6 30. g4 Ne7 31. Be3 a5 32. Bc1 Nc6 33. Ba3 Kh7 34.
Rd2 Kg6 35. Rb2 Rxb2+ 36. Bxb2 a4 37. h3 h5 38. Bc1 hxg4 39. hxg4 Na7 40. Kf3
Nb5 41. Bd2 Na3 42. Ke2 Nb5 43. Kd1 a3 44. Ke2 f6 45. Kf3 f5 46. gxf5+ Kxf5 47.
Be1 g5 48. fxg5 Kxg5 49. Kg3 1/2-1/2

[Event "Michigan Open Reserve"]
[Site "Flint, MI"]
[Date "1998.??.??"]
[Round "?"]
[White "Rotberg, Victor"]
[Black "West, Tony"]
[Result "1-0"]
[WhiteElo "1745"]
[BlackElo "1630"]
[PlyCount "61"]
[EventDate "1998.09.??"]

1. e4 c5 2. Nf3 Nc6 3. Bb5 d6 4. O-O Nf6 5. Nc3 g6 6. d3 Bg7 7. Be3 O-O 8. h3
a6 9. Bxc6 bxc6 10. Qd2 Rb8 11. Rab1 Re8 12. Nh4 e5 13. Bg5 d5 14. Rfe1 Rb4 15.
a3 Rd4 16. Nf3 dxe4 17. Nxd4 exd4 18. Nxe4 Be6 19. Nxc5 Qc8 20. Re2 Nh5 21. Ne4
Qd7 22. g4 Bxg4 23. hxg4 Qxg4+ 24. Kh2 Be5+ 25. f4 Nxf4 26. Nf6+ Bxf6 27. Rxe8+
Kg7 28. Qxf4 Qh5+ 29. Kg2 Bxg5 30. Qe5+ Bf6 31. Qxh5 1-0

[Event "Michigan Class B"]
[Site "Grand Rapids, MI"]
[Date "1998.??.??"]
[Round "?"]
[White "Rotberg, Victor"]
[Black "McCarter, Robert"]
[Result "1-0"]
[WhiteElo "1710"]
[BlackElo "1605"]
[PlyCount "131"]
[EventDate "1998.01.??"]

1. e4 c5 2. Nf3 d6 3. d4 cxd4 4. Nxd4 Nf6 5. Nc3 a6 6. f4 Qc7 7. Be2 g6 8. O-O
Bg7 9. Be3 O-O 10. a4 Nc6 11. Nf3 Nb4 12. a5 Nd7 13. Na4 Qxc2 14. Nd2 Qxd1 15.
Bxd1 Nd3 16. Rb1 N7c5 17. b4 Nxa4 18. Bxa4 Nb2 19. Bb3 Bd7 20. Bb6 Bb5 21. Rfc1
Rac8 22. Nf3 Nd3 23. Rxc8 Rxc8 24. g3 Rc1+ 25. Rxc1 Nxc1 26. Bd5 Bc6 27. Bxc6
bxc6 28. Be3 Nd3 29. Bd2 Bb2 30. Ne1 Nxe1 31. Bxe1 f6 32. Kf1 Kf7 33. Ke2 Bd4
34. Kd3 c5 35. b5 Bg1 36. bxa6 c4+ 37. Kxc4 Ke8 38. Bc3 e5 39. fxe5 dxe5 40.
Kd5 Kd7 41. g4 Kc7 42. h3 Bf2 43. Bb4 h5 44. Ke6 hxg4 45. hxg4 f5 46. gxf5 gxf5
47. Kxf5 Bd4 48. Ke6 Kc6 49. Bd6 Kb5 50. Bxe5 Ba7 51. Bc3 Kxa6 52. Kd5 Kb5 53.
e5 Bc5 54. Ke6 Kc6 55. Kf6 Kd7 56. Kf7 Ba3 57. e6+ Kc6 58. Bf6 Kb7 59. Ke8 Bc1
60. Kd7 Ba3 61. Be5 Bb4 62. Bd6 Bxa5 63. e7 Ka6 64. e8=Q Kb5 65. Qe2+ Ka4 66.
Qc4+ 1-0

[Event "Michigan Open Reserve"]
[Site "Flint, MI"]
[Date "1998.??.??"]
[Round "?"]
[White "Rotberg, Victor"]
[Black "Jointer, William"]
[Result "1-0"]
[WhiteElo "1745"]
[BlackElo "1605"]
[PlyCount "47"]
[EventDate "1998.09.??"]

1. e4 c5 2. Nf3 Nc6 3. Bb5 g6 4. O-O Bg7 5. Nc3 e6 6. d3 Nge7 7. Bf4 d5 8. exd5
exd5 9. Re1 O-O 10. Qd2 Re8 11. Bg5 Be6 12. Rad1 a6 13. Bxc6 bxc6 14. h3 Qc7
15. Bf4 Qb7 16. Na4 Qb5 17. b3 Rad8 18. d4 cxd4 19. Nxd4 Bxd4 20. Qxd4 h5 21.
Qf6 Kh7 22. Rxe6 fxe6 23. Qf7+ Kh8 24. Be5# 1-0